Normal view
MARC view
Entry Personal Name
001 - CONTROL NUMBER
- control field: 83089
003 - CONTROL NUMBER IDENTIFIER
- control field: dpl
005 - DATE AND TIME OF LATEST TRANSACTION
- control field: 20250718152023.0
008 - FIXED-LENGTH DATA ELEMENTS
- fixed length control field: 250718|| aca||aabn | a|a d
040 ## - CATALOGING SOURCE
- Original cataloging agency: dpl
- Transcribing agency: dpl
100 ## - HEADING--PERSONAL NAME
- Personal name: Aman Singh
670 ## - SOURCE DATA FOUND
- Source citation: Work cat.: (dpl)212437: P.S. Latika 83088, Total Computer Applications/, 2025
